Представление документа в формате RUSMARC

ПолеНазваниеЗначение
  Тип записи a
  Библиографический уровень m
001 Контрольный номер RU/SLIB/B/208760124
005 Дата корректировки 20260318150727.8
010 Индекс ISBN __
a ISBN 5-17-010659-9
a ISBN 966-7661-95-4
d Цена 166-50
021 № государственной регистрации __
b № документа 2003-34652
b № документа 1643
100 Данные общей обработки __
a Данные общей обработки 19030908d2003 |||y0rusy0189 ca
101 Язык документа 0_
a Язык текста rus
c Язык оригинала rus
102 Страна публикации __
a Страна публикации UA
105 Кодированные данные (монография) __
a Кодированные данные (монография) a |||||||zy
200 Заглавие и сведения об ответственности 0_
a Заглавие Энциклопедия символов
f Первые сведения об ответственности Шейнина Е. Я.
b Общее обозначение материала Текст
210 Выходные данные 1_
a Место издания М.
c Издательство АСТ
210 Выходные данные 1_
a Место издания [Харьков]
c Издательство Торсинг
d Дата издания 2003
215 Физическое описание __
a Объем 591 с.
c Иллюстрации/тип воспроизводства ил.
300 Общие примечания __
a Общие примечания На пер. авт. не указ.
320 Библиография __
a Библиография Библиогр.: с. 578-580.- Алф. указ.: с. 581-589
330 Аннотация __
a Аннотация Это не просто книга - но попытка разгадать бесконечные загадки смысла, скрытого за формами, знаками, словами. Для широкого круга.
333 Примечание о целевом назначении __
a Примечание о целевом назначении 18+. Запрещено для детей
606 Тематические рубрики __
a Основная рубрика Религия. Мистика. Свободомыслие
606 Тематические рубрики __
a Основная рубрика История
606 Тематические рубрики __
a Основная рубрика Религиоведение
606 Тематические рубрики __
a Основная рубрика Всемирная история
610 Ключевые слова 0_
a Ключевые слова символика; символы; форма; знаки; культура; символы природы; традиции; мифология символов
686 Индексы других классификаций __
a Классификационный индекс 86.4я2
686 Индексы других классификаций __
a Классификационный индекс 63.3(0)-7я2
700 Автор _1
a Фамилия Шейнина
b Имя Е. Я.
g Полное личное имя Елена Яковлевна
4 Код отношения 070
801 Источник записи _0
a Страна UA
b Организация Муниципальное бюджетное учреждение культуры "Централизованная библиотечная система" г. Сургут (Центральная городская библиотека им. А. С. Пушкина)
c Дата составления 20030908
g Правила каталогизации КиК/Уланова
801 Источник записи _1
a Страна UA
b Организация Муниципальное бюджетное учреждение культуры "Централизованная библиотечная система" г. Сургут (Центральная городская библиотека им. А. С. Пушкина)
c Дата составления 20030908
g Правила каталогизации КиК/Уланова
852 Данные о местонахождении __
j Шифр хранения 86.4я2
c Каталожный индекс 86.4я2 ; 63.3(0)-7я2
i Авторский знак Ш 39
p Инвентарный номер 05010896 ; 05010897
901 Тип документа __
t Тип документа m
903 Характеристики (МАРС) __
a Дата передачи 20050117
969 Тип издания __
a Тип издания энциклопедия
990 Данные о заказе (DOS) __
t N записи в КСУ для И/У (DOS) 200501
j Количество экземпляров (DOS) 2